Statistiques concernant Rois de Norvège

Cliquez ici pour prendre le quiz!

Statistiques générales

  • Ce quiz a été pris 57 fois
  • Le résultat moyen est 30 sur 62

Statistiques - réponses

DatesMonarque% Correct
872-931Harald Ier
83%
961-970Harald II
83%
1046-1066Harald III
83%
1130-1136Harald IV
83%
1991-Harald V
83%
1523-1533Frédéric Ier
64%
1559-1588Frédéric II
64%
1648-1670Frédéric III
64%
1699-1730Frédéric IV
64%
1746-1766Frédéric V
64%
1808-1814Frédéric VI
64%
995-1000Olav Ier
61%
1015-1028Olav II
61%
1066-1093Olav III
61%
1103-1115Olav IV
61%
1380-1387Olav IV
61%
1957-1991Olav V
61%
1449-1450Charles Ier
56%
1814-1818Charles II
56%
1818-1844Charles III
56%
1859-1872Charles IV
56%
931-933Eric Ier
56%
1280-1299Eric II
56%
1389-1442Eric III
56%
1093-1095Haakon
53%
933-961Haakon Ier
53%
1157-1162Haakon II
53%
1202-1204Haakon III
53%
1217-1263Haakon IV
53%
1299-1319Haakon V
53%
1343-1380Haakon VI
53%
1905-1957Haakon VII
53%
1028-1030Knut
53%
1483-1513Jean
50%
1814Christian-Frédéric
47%
1450-1481Christian Ier
47%
1513-1523Christian II
47%
1537-1559Christian III
47%
1588-1648Christian IV
47%
1670-1699Christian V
47%
1730-1746Christian VI
47%
1766-1808Christian VII
47%
1030-1035Sven
47%
1035-1047Magnus Ier
39%
1066-1069Magnus II
39%
1093-1103Magnus III
39%
1130-1135Magnus IV
39%
1161-1184Magnus V
39%
1263-1280Magnus VI
39%
1319-1343Magnus VII
39%
1442-1448Christophe
31%
1387-1412Marguerite
31%
1844-1859Oscar Ier
22%
1872-1905Oscar II
22%
1103-1130Sigurd Ier
17%
1136-1155Sigurd II
17%
1184-1202Sverre
14%
1023-1123Eystein Ier
11%
1142-1157Eystein II
11%
1204Guttorm
11%
1136-1161Inge Ier
11%
1205-1217Inge II
11%

Distribution des résultats

Percentile par nombre de réponses

% des personnes avec chaque résultat

Votre développement - résultats

Vous n’avez pas pris ce quiz